LEADER 01019nam--2200361---450- 001 990006182280203316 005 20161202124338.0 010 $a978-1-444-13537-4 035 $a000618228 035 $aUSA01000618228 035 $a(ALEPH)000618228USA01 035 $a000618228 100 $a20161202d2003----km-y0itay50------ba 101 $aeng 102 $aGB 105 $a||||||||001yy 200 1 $aWorld Englishes$fGunnel Melchers, Philip Shaw 205 $a2. ed 210 $aLondon$aNew York$cRoutledge$d2003 215 $aVIII, 254 p.$d24 cm 606 0 $aLingua inglese$xVarianti$2BNCF 676 $a427.9 700 1$aMELCHERS,$bGunnel$0488521 701 1$aSHAW,$bPhilip$0606471 801 0$aIT$bsalbc$gISBD 912 $a990006182280203316 951 $aVII.3.D. 682$b253967 L.M.$cVII.3.D.$d392572 959 $aBK 969 $aUMA 979 $aALESSANDRA$b90$c20161202$lUSA01$h1237 979 $aALESSANDRA$b90$c20161202$lUSA01$h1243 996 $aWorld Englishes$91372166 997 $aUNISA LEADER 01447nam a2200277 a 4500 001 991004029119707536 008 020 $a9788893850803 035 $ab14426274-39ule_inst 040 $aBibl. Dip.le Aggr. Ingegneria Innovazione - Sez. Ingegneria Innovazione$beng 082 0 $a624.17762 100 1 $aTornabene, Francesco $d<1978- >$01021901 245 10$aAnisotropic doubly-curved shells :$bhigher-order strong and weak formulations for arbitrarily shaped shell structures /$cFrancesco Tornabene, Michele Bacciocchi 260 $aBologna :$bEsculapio,$c2018 300 $axxiii, 1172 p. :$bill. ;$c24 cm 490 0 $aStructural and computational mechanics book series 504 $a504 Includes bibliographical references 650 4$aShells (Engineering) 700 1 $a Bacciocchi, Michele$eauthor$4http://id.loc.gov/vocabulary/relators/aut$01021902 907 $a.b14426274$b25-11-21$c25-11-21 912 $a991004029119707536 945 $aLE026 624.17762 D TOR 01.01 C.1 2018$cC.1$g1$i2026000134420$lle026$nProf. Leone / Biblioteca$op$pE55.00$q-$rn$s- $t1$u0$v0$w0$x0$y.i15987061$z25-11-21 945 $aLE026 624.17762 D TOR 01.01 C.2 2018$cC.2$g1$i2026000134413$lle026$nProf. Leone / Biblioteca$op$pE55.00$q-$rl$s- $t0$u0$v0$w0$x0$y.i15987073$z25-11-21 996 $aAnisotropic doubly-curved shells$92426993 997 $aUNISALENTO 998 $ale026$b25-11-21$cm$da $e-$feng$git $h0$i0